00707nam a2200145Ia 4500008004100000050002200041100003000063245020600093260008600299300003300385521001200418942000700430999001900437952010500456140724s9999 xx 000 0 und d aRT 73b.B277 2011 aBarro, Kendrick Thomas A. 2aA correlational study between the CPR score and APSA score and the overall clinical performance of level IV nursing students of Southville International School and Colleges /cKendrick Thomas A. Barro. aLas Piñas, Philippines :bSouthville International School and Colleges,cc2011. a51 p. :bcol. ill. ;c28 cm. aNursing cTH c228696d228696 001040aCLbCLcTHESESd2014-07-24l0oRT 73 .B277 2011pT0050r2018-05-15 00:00:00w2014-07-24yTH